Đồng dao Việt Nam Dành cho học sinh tiểu học

Gồm 176 bài đồng dao về thiên nhiên, đất nước, những trò chơi thủa nhỏ, những lao động sản xuất tập cho trẻ thành người lao động, những tư duy ngộ nghĩnh trẻ thơ

সংরক্ষণ করুন:
গ্রন্থ-পঞ্জীর বিবরন
প্রধান লেখক: Trần Gia Linh (Tuyển chọn)
বিন্যাস: গ্রন্থ
ভাষা:Vietnamese
প্রকাশিত: H. Giáo dục 1997
বিষয়গুলি:
ট্যাগগুলো: ট্যাগ যুক্ত করুন
কোনো ট্যাগ নেই, প্রথমজন হিসাবে ট্যাগ করুন!
Thư viện lưu trữ: Mạng thư viện Đại học Đà Nẵng
LEADER 01323nam a22003618a 4500
001 000014220
003 10579
005 20120518100537.0
008 120423s1997 b 000 0 od
020 |c 6400đ  |d 1500b 
041 0 |a 9707 
041 0 |a vie 
080 |a ĐV17 
082 |a 398.09597  |b Đôn 
084 |a V9(1)6-5  |b Đ455D 
100 1 |a Trần Gia Linh  |e Tuyển chọn 
245 1 0 |a Đồng dao Việt Nam  |b Dành cho học sinh tiểu học  |c Trần Gia Linh 
260 |a H.  |b Giáo dục  |c 1997 
300 |a 120tr  |c 21cm 
520 |a Gồm 176 bài đồng dao về thiên nhiên, đất nước, những trò chơi thủa nhỏ, những lao động sản xuất tập cho trẻ thành người lao động, những tư duy ngộ nghĩnh trẻ thơ 
653 |a Văn học dân gian 
653 |a Việt Nam 
653 |a đồng dao 
OWN |a LSP 
AVA |a UDN50  |b LSP  |d 398.09597 Đôn  |e available  |t Error 5001 Not defined in file expand_doc_bib_avail.  |f 4  |g 0  |h N  |i 0  |k 1 
999 |a From the UDN01 
AVA |a UDN50  |b LSP  |d 398.09597 Đôn  |e available  |t Error 5001 Not defined in file expand_doc_bib_avail.  |f 4  |g 0  |h N  |i 0  |k 1 
TYP |a Monograph 
TYP |a Printed language 
980 |a Mạng thư viện Đại học Đà Nẵng